Neils by Picture - Statistics

General Stats
  • This quiz has been taken 44 times
  • The average score is 4 of 8
Answer Stats
Picture Answer % Correct
Neil Armstrong
100%
Neil Diamond
76%
Neil deGrasse Tyson
71%
Neil Patrick Harris
71%
Neil Young
61%
Neil Gaiman
27%
Niall Horan
22%
Neil Peart
15%
No matching quizzes found
Score Distribution
Percent of People with Each Score
Percentile by Number Answered
Your Score History
You have not taken this quiz